Life of Omer (Record no. 446)

MARC details
000 -LEADER
fixed length control field 00521nam a2200229 a 4500
020 ## - INTERNATIONAL STANDARD BOOK NUMBER
ISBN
082 00 - DEWEY DECIMAL CLASSIFICATION NUMBER
Classification number 297.64
Author Cutter CP
245 ## - TITLE STATEMENT
Title Life of Omer
260 ## - PUBLICATION, DISTRIBUTION, ETC. (IMPRINT)
Place of publication Alahabad
Name of publisher City Press
Year of publication 1915
300 ## - PHYSICAL DESCRIPTION
Number of Pages 151p
500 ## - GENERAL NOTE
General note includes index and biblioraphy
505 2# - FORMATTED CONTENTS NOTE
Formatted contents note bibliography, index
650 ## - SUBJECT ADDED ENTRY--TOPICAL TERM
Topical Term Umer-Caliph
942 ## - ADDED ENTRY ELEMENTS (KOHA)
Koha item type Books
Holdings
Collection code Home library Current library Date acquired Cost, normal purchase price Full call number Accession Number Koha item type
  Henry Martyn Institute Library Henry Martyn Institute Library 07/10/2007 7.00 297.64 CP 00713 Books
                   Copyright © 2026 | Henry Martyn Institute | Hyderabad | TS-500052 | INDIA | Implemented by hmi.edu.in
Hit-Count:

Powered by Koha